<?xml version="1.0" encoding="UTF-8"?><?xml-stylesheet type="text/xsl" href="static/style.xsl"?><OAI-PMH xmlns="http://www.openarchives.org/OAI/2.0/" xmlns:xsi="http://www.w3.org/2001/XMLSchema-instance" xsi:schemaLocation="http://www.openarchives.org/OAI/2.0/ http://www.openarchives.org/OAI/2.0/OAI-PMH.xsd"><responseDate>2026-06-02T21:19:58Z</responseDate><request verb="GetRecord" identifier="oai:riuma.uma.es:10630/32026" metadataPrefix="marc">https://riuma.uma.es/rest/oai/request</request><GetRecord><record><header><identifier>oai:riuma.uma.es:10630/32026</identifier><datestamp>2026-02-03T11:33:53Z</datestamp><setSpec>com_10630_2254</setSpec><setSpec>col_10630_37953</setSpec></header><metadata><record xmlns="http://www.loc.gov/MARC21/slim" xmlns:dcterms="http://purl.org/dc/terms/" xmlns:doc="http://www.lyncode.com/xoai" xmlns:xsi="http://www.w3.org/2001/XMLSchema-instance" xsi:schemaLocation="http://www.loc.gov/MARC21/slim http://www.loc.gov/standards/marcxml/schema/MARC21slim.xsd">
   <leader>00925njm 22002777a 4500</leader>
   <datafield ind2=" " ind1=" " tag="042">
      <subfield code="a">dc</subfield>
   </datafield>
   <datafield ind2=" " ind1=" " tag="720">
      <subfield code="a">Ramos-Petersen, Laura</subfield>
      <subfield code="e">author</subfield>
   </datafield>
   <datafield ind2=" " ind1=" " tag="720">
      <subfield code="a">Reinoso-Cobo, Andrés</subfield>
      <subfield code="e">author</subfield>
   </datafield>
   <datafield ind2=" " ind1=" " tag="720">
      <subfield code="a">Ortega-Ávila, Ana Belén</subfield>
      <subfield code="e">author</subfield>
   </datafield>
   <datafield ind2=" " ind1=" " tag="720">
      <subfield code="a">Garcia-Campos, Jonatan</subfield>
      <subfield code="e">author</subfield>
   </datafield>
   <datafield ind2=" " ind1=" " tag="720">
      <subfield code="a">Bernal, Jose-Antonio</subfield>
      <subfield code="e">author</subfield>
   </datafield>
   <datafield ind2=" " ind1=" " tag="720">
      <subfield code="a">Cantero-Téllez, Raquel</subfield>
      <subfield code="e">author</subfield>
   </datafield>
   <datafield ind2=" " ind1=" " tag="720">
      <subfield code="a">Martín-Martín, Jose-María</subfield>
      <subfield code="e">author</subfield>
   </datafield>
   <datafield ind2=" " ind1=" " tag="720">
      <subfield code="a">Caliz-Caliz, Rafael</subfield>
      <subfield code="e">author</subfield>
   </datafield>
   <datafield ind2=" " ind1=" " tag="720">
      <subfield code="a">Tejero, Sergio</subfield>
      <subfield code="e">author</subfield>
   </datafield>
   <datafield ind2=" " ind1=" " tag="720">
      <subfield code="a">Cano-García, Laura</subfield>
      <subfield code="e">author</subfield>
   </datafield>
   <datafield ind2=" " ind1=" " tag="720">
      <subfield code="a">Gijón-Noguerón, Gabriel</subfield>
      <subfield code="e">author</subfield>
   </datafield>
   <datafield ind2=" " ind1=" " tag="260">
      <subfield code="c">2024-06-08</subfield>
   </datafield>
   <datafield ind2=" " ind1=" " tag="520">
      <subfield code="a">Rheumatoid arthritis causes progressive joint destruction in the long term, causing a deterioration of the foot and ankle. A&#xd;
clinical practice guideline has been created with the main objective of providing recommendations in the field of podiatry&#xd;
for the conservative management of rheumatoid arthritis. Thus, healthcare professionals involved in foot care of adults with&#xd;
rheumatoid arthritis will be able to follow practical recommendations. A clinical practice guideline was created includ-&#xd;
ing a group of experts (podiatrists, rheumatologists, nurses, an orthopaedic surgeon, a physiotherapist, an occupational&#xd;
therapist and patient with rheumatoid arthritis). Methodological experts using GRADE were tasked with systematically&#xd;
reviewing the available scientific evidence and developing the information which serves as a basis for the expert group to&#xd;
make recommendations. Key findings include the efficacy of chiropody in alleviating hyperkeratotic lesions and improv-&#xd;
ing short-term pain and functionality. Notably, custom and standardized foot orthoses demonstrated significant benefits in&#xd;
reducing foot pain, enhancing physical function, and improving life quality. Therapeutic footwear was identified as crucial&#xd;
for pain reduction and mobility improvement, emphasizing the necessity for custom-made options tailored to individual&#xd;
patient needs. Surgical interventions were recommended for cases which were non-responsive to conservative treatments,&#xd;
aimed at preserving foot functionality and reducing pain. Moreover, self-care strategies and education were underscored&#xd;
as essential components for promoting patient independence and health maintenance. A series of recommendations have&#xd;
been created which will help professionals and patients to manage podiatric pathologies derived from rheumatoid arthritis.</subfield>
   </datafield>
   <datafield ind1="8" ind2=" " tag="024">
      <subfield code="a">Ramos-Petersen L, Reinoso-Cobo A, Ortega-Avila AB, Garcia-Campos J, Bernal JA, Cantero-Tellez R, Martin-Martin JM, Caliz-Caliz R, Tejero S, Cano-Garcia L, Gijon-Nogueron G. A clinical practice guideline for the management of the foot and ankle in rheumatoid arthritis. Rheumatol Int. 2024 Aug;44(8):1381-1393.</subfield>
   </datafield>
   <datafield ind1="8" ind2=" " tag="024">
      <subfield code="a">https://hdl.handle.net/10630/32026</subfield>
   </datafield>
   <datafield ind1="8" ind2=" " tag="024">
      <subfield code="a">10.1007/s00296-024-05633-1</subfield>
   </datafield>
   <datafield tag="653" ind2=" " ind1=" ">
      <subfield code="a">Pies</subfield>
   </datafield>
   <datafield tag="653" ind2=" " ind1=" ">
      <subfield code="a">Tobillos</subfield>
   </datafield>
   <datafield tag="653" ind2=" " ind1=" ">
      <subfield code="a">Artritis reumatoide</subfield>
   </datafield>
   <datafield tag="653" ind2=" " ind1=" ">
      <subfield code="a">Cuidados de enfermería</subfield>
   </datafield>
   <datafield ind2="0" ind1="0" tag="245">
      <subfield code="a">A clinical practice guideline for the management of the foot and ankle in rheumatoid arthritis</subfield>
   </datafield>
</record>
</metadata></record></GetRecord></OAI-PMH>